000 00836nam a2200277 a 4500
008
020 _a0415135206 (pbk.)
049 _aMAIN
090 _aHD30.28
_bBAD
100 1 _aBaden- Fuller, Charles.
245 1 0 _aRejuvenating the mature business :
_bthe competitive challenge /
_cCharles Baden-Fuller and John Stopford.
250 _a2nd ed.
260 _aLondon :
_bRoutledge,
_cc1994.
300 _axv, 281 p. :
_bill. ;
_c24 cm.
504 _aIncludes bibliographical references.
500 _aIncludes index.
650 0 _aBusiness planning.
650 0 _aManagement.
650 0 _aStrategic planning.
700 1 _aStopford, John M.
907 _a.b10018384
_b03-11-11
_c17-04-03
003
005 20230123125335.0
040 _cNUST
942 _cBOOKS
_kHD30.28
_mBAD
999 _c139853
_d139853